000 00405nam a22001697a 4500
003 MPLRDC
005 20220104142618.0
008 210129b ||||| |||| 00| 0 eng d
082 _a802.58 ZD
100 _a张丹
245 _a常用普通话
_c
250 _a四版
260 _a
_b天地图书有限公司
_c1981
300 _b
650 _a方言--华语(普通话)
942 _cBK
_o802.58 ZD
999 _c32291
_d32281